书目信息 |
| 题名: |
伟大的理论创新
|
|
| 作者: | 许志功 编 | |
| 分册: | ||
| 出版信息: | 北京 解放军出版社 2002 |
|
| 页数: | 542页 | |
| 开本: | 20cm | |
| 丛书名: | ||
| 单 册: | ||
| 中图分类: | D261 | |
| 科图分类: | ||
| 主题词: | "三个代表"思想--研究 | |
| 电子资源: | ||
| ISBN: | 7-5065-4255-2 | |
| 000 | 00873nam0 22002412 4500 | |
| 001 | 192004002579 | |
| 005 | 20070906100055.15 | |
| 010 | @a7-5065-4255-2@dCNY28.00 | |
| 100 | @a20070601d2002 ekmy0chiy0121 ea | |
| 101 | 0 | @achi |
| 102 | @aCN@b110000 | |
| 105 | @ay z 000yy | |
| 200 | 1 | @a伟大的理论创新@Awei da de li lun chuang xin@e江泽民"三个代表"思想研究@f许志功 ... [等] 编 |
| 210 | @a北京@c解放军出版社@d2002 | |
| 215 | @a542页@d20cm | |
| 300 | @a其他题名:江泽民三个代表思想研究 | |
| 330 | @a本书主要内容包括:绪论、马克思主义中国化的最新成果、全面推动建设有中国特色社会主义事业的科学指南、全面加强和改进党的建设的根本指针等内容。 | |
| 517 | 1 | @a江泽民三个代表思想研究@Ajiang ze min san ge dai biao si xiang yan jiu |
| 606 | 0 | @a"三个代表"思想@x研究 |
| 690 | @aD261@v4 | |
| 701 | 0 | @a许志功@Axu zhi gong@4编 |
| 801 | 0 | @aCN@c20070906 |
| 905 | @dD261@eX911 | |
| 伟大的理论创新:江泽民"三个代表"思想研究/许志功 ... [等] 编.-北京:解放军出版社,2002 |
| 542页;20cm |
| 其他题名:江泽民三个代表思想研究 |
| ISBN 7-5065-4255-2:CNY28.00 |
| 本书主要内容包括:绪论、马克思主义中国化的最新成果、全面推动建设有中国特色社会主义事业的科学指南、全面加强和改进党的建设的根本指针等内容。 |
| ● |
| 相关链接 |
|
|
|
正题名:伟大的理论创新
索取号:D261/X911
 
预约/预借
| 序号 | 登录号 | 条形码 | 馆藏地/架位号 | 状态 | 备注 |
| 1 | 619817 | 206198176 | 社科库509/422社科库 42排2列5层/ [索取号:D261/X911] | 在馆 | |
| 2 | 619818 | 206198185 | 社科库509/509社科库 69排4列2层/ [索取号:D261/X911] | 在馆 | |
| 3 | 619819 | 206198194 | 社科库509/509社科库 69排4列2层/ [索取号:D261/X911] | 在馆 |